Estatísticas para Prefeitos eleitos do distrito de São Paulo

Clique aqui para jogar o quiz

Estatísticas Gerais

  • Esse quiz foi jogado 46 vezes
  • A pontuação média é 10 de 15

Estatísticas das Respostas

HintResposta% Correto
2018 - 2021Bruno Covas
97%
2013 - 2016Fernando Haddad
94%
2017 - 2018João Doria
92%
2005 - 2006José Serra
89%
1993 - 1996Paulo Maluf
83%
1985 - 1988Jânio Quadros
78%
1953 - 1955Jânio Quadros
78%
1989 - 1992Luiza Erundina
78%
2001 - 2004Marta Suplicy
78%
2006 - 2012Gilberto Kassab
72%
1997 - 2000Celso Pitta
69%
1965 - 1969Faria Lima
42%
1961 - 1965Prestes Maia
31%
1957 - 1961Ademar Barros
28%
1955 - 1956Juvenal Lino
19%

Distribuição das Pontuações

Percentil de Números Respondidos

Porcentagem de Pessoas com Cada Pontuação

Sua Pontuação Histórica

Você não jogou esse quiz